Estadísticas para Países que comparten la frontera con Rusia

Haz click aquí para intentar la prueba.

Estadísticas generales

  • Esta prueba ha sido intentada 6.926 veces
  • La puntuación promedio es 13 de 14

Estadísticas de respuestas

SuperficiePaís% Correcto
3,645 kmChina
99%
3,441 kmMongolia
98%
1,576 kmUcrania
97%
959 kmBielorrusia
95%
6,846 kmKazajistán
95%
290 kmEstonia
94%
292 kmLetonia
93%
227 kmLituania
93%
1,313 kmFinlandia
92%
723 kmGeorgia
85%
18 kmCorea del Norte
83%
284 kmAzerbaiyán
82%
432 kmPolonia
79%
196 kmNoruega
65%

Distribución de puntuación

Porcentaje por número respondido

Porcentaje de gente con cada puntuación

Historial de tus puntuaciones

No has intentado esta prueba.